One-Minute Crossword XXV Quiz Stats

 Plays Quiz Updated Jun 20, 2019

Support Sporcle.
Go Orange.
Score 0/16 Timer 01:00
3 Plays Today
% Correct
C 
99.5%
O 
98%
E 
97.9%
R 
97.9%
O 
93.4%
T 
91.2%
S 
91.2%
A 
86.3%
% Correct
L 
86.2%
P 
85.4%
L 
79%
O 
78.9%
E 
75.8%
H 
75.4%
L 
75.2%
W 
75.1%

You're not logged in!

Compare scores with friends on all Sporcle quizzes.
OR
Log In

From the Vault

Breaking Video Game News!

by bhenderson79

Pixelated mayhem grips the nation - film at 11:00!
Remove Ads.
Support Sporcle.
Get the best of Sporcle when you Go Orange. This ad-free experience offers more features, more stats, and more fun while also helping to support Sporcle. Thank you for becoming a member.

Show Comments

Extras

Top Quizzes Today


Score Distribution

Your Account Isn't Verified!

In order to create a playlist on Sporcle, you need to verify the email address you used during registration. Go to your Sporcle Settings to finish the process.

Report this User

Report this user for behavior that violates our Community Guidelines.

Details: